Logo BPK

Biblioteka

Politechniki Koszalińskiej

Traktaty europejskie / (Rekord nr 40256)

Szczegóły MARC
000 -ETYKIETA REKORDU
podpole kontrolne o stałej długości 01010nam a2200253 i 4500
001 - NUMER KONTROLNY REKORDU
pole kontrolne bg
020 ## - MIĘDZYNARODOWY ZNORMALIZOWANY NUMER KSIĄŻKI - ISBN
ISBN 838855106X
040 ## - ŹRÓDŁO KATALOGOWANIA
Instytucja, która utworzyła rekord BPK
041 1# - KOD JĘZYKA
Kod języka tekstu pl
Kod języka oryginału fr
080 ## - UNIWERSALNA KLASYFIKACJA DZIESIĘTNA - UKD
UKD 341.24(4)"1989/..."
920 ## - Międzynarodowy znormalizowany numer książki – ISBN
ISBN 83-88551-06-X
008 - POLE O STAŁEJ DŁUGOŚCI - DANE KONTROLNE
podpole kontrolne o stałej długości s pl f |000 0 pol
245 00 - TYTUŁ/ODPOWIEDZIALNOŚĆ
Tytuł Traktaty europejskie /
Pozostałe elementy strefy tytułu i oznaczenia odpowiedzialności Ewa Wojtaszek-Mik, Cezary Mik oprac.
260 ## - STREFA ADRESU WYDAWNICZEGO
Miejsce wydania Kraków :
Nazwa wydawcy/dystrybutora "Zakamycze",
Data publikacji, dystrybucji/powstania dokumentu 2000.
300 ## - STREFA OPISU FIZYCZNEGO
Objętość 374, [1] s. ;
Rozmiary 21 cm.
500 ## - UWAGI OGÓLNE
Tekst uwagi Na okł. podtyt.: Traktat o UE i Traktat ustanawiajacy WE w wersji skonsolidowanej po Amsterdamie, Akt końcowy konferencji międzyrządowej 1996-1997, Protokół w sprawie Statutu Europejskiego, Systemu Banków Centralnych i Europejskiego Banku Centralnego.
500 ## - UWAGI OGÓLNE
Tekst uwagi Teksty traktatów tł. z fr.
504 ## - UWAGA DOTYCZĄCA BIBLIOGRAFII
Informacje o bibliografii Indeks.
650 #9 - HASŁO PRZEDMIOTOWE W FORMIE NAZWY OGÓLNEJ LUB JEDNOSTKOWEJ
Nazwa ogólna lub geograficzna Umowy międzynarodowe
Określnik geograficzny Europa
Określnik chronologiczny od 1989 r.
700 1# - HASŁO DODATKOWE - NAZWA OSOBOWA
Nazwa osobowa WOJTASZEK-Mik, Ewa.
Określenie związku między hasłem a opisywanym materiałem Oprac.
700 1# - HASŁO DODATKOWE - NAZWA OSOBOWA
Nazwa osobowa MIK, Cezary.
Określenie związku między hasłem a opisywanym materiałem Oprac.
856 ## - LOKALIZACJA I DOSTĘP DO ELEKTRONICZNYCH DOKUMENTÓW ZDALNYCH
Link (URL) http://koha.tu.koszalin.pl/cgi-bin/koha/opac-detail.pl?biblionumber=40256
Tekst linku Katalog online BPK
942 ## - DODATKOWE ELEMENTY (KOHA)
Typ dokumentu Książka
Egzemplarze
Wycofany Status egzemplarza Uszkodzony Dostępność Lokalizacja stała Lokalizacja bieżąca Miejsce przechowywania Sygnatura Kod kreskowy Status: wypożyczony Typ dokumentu
      Dostępny Biblioteka Politechniki Koszalińskiej Biblioteka Politechniki Koszalińskiej Wypożyczalnia BG 60635 01611519 01.12.2026 Książka
© 2023 Biblioteka Politechniki Koszalińskiej :: KOHA